<?xml version="1.0" encoding="UTF-8"?>
<record
    xmlns:xsi="http://www.w3.org/2001/XMLSchema-instance"
    xsi:schemaLocation="http://www.loc.gov/MARC21/slim http://www.loc.gov/standards/marcxml/schema/MARC21slim.xsd"
    xmlns="http://www.loc.gov/MARC21/slim">

  <leader>04123nam a2200325 i 4500</leader>
  <controlfield tag="001">000046285</controlfield>
  <controlfield tag="003">DO-SdBNP</controlfield>
  <controlfield tag="005">20250805102857.0</controlfield>
  <controlfield tag="007">ta</controlfield>
  <controlfield tag="008">110303s2022    dr            000 0 spa d</controlfield>
  <datafield tag="020" ind1=" " ind2=" ">
    <subfield code="a">9789945250534</subfield>
  </datafield>
  <datafield tag="040" ind1=" " ind2=" ">
    <subfield code="a">DO-SdBNP</subfield>
    <subfield code="b">spa</subfield>
    <subfield code="c">BNPHU</subfield>
    <subfield code="e">rda</subfield>
  </datafield>
  <datafield tag="041" ind1=" " ind2=" ">
    <subfield code="a">spa</subfield>
  </datafield>
  <datafield tag="082" ind1=" " ind2="4">
    <subfield code="a">RD860.9 </subfield>
    <subfield code="b">F363c</subfield>
    <subfield code="2">22</subfield>
  </datafield>
  <datafield tag="100" ind1="1" ind2=" ">
    <subfield code="a">Fern&#xE1;ndez Spencer, Antonio,</subfield>
    <subfield code="d">1922-1995</subfield>
    <subfield code="e">autor</subfield>
    <subfield code="4">aut.</subfield>
    <subfield code="9">22525</subfield>
  </datafield>
  <datafield tag="245" ind1="1" ind2="0">
    <subfield code="a">Caminos de la cr&#xED;tica</subfield>
    <subfield code="c">Antonio Fernandez Spencer ; compilado por, C&#xE1;ndido Ger&#xF3;n</subfield>
  </datafield>
  <datafield tag="264" ind1=" " ind2="4">
    <subfield code="a">Santo Domingo :</subfield>
    <subfield code="b">Archivo General de la Naci&#xF3;n,</subfield>
    <subfield code="c">&#xA9;2022.</subfield>
  </datafield>
  <datafield tag="300" ind1=" " ind2=" ">
    <subfield code="a">496 paginas ;</subfield>
    <subfield code="c">24 cm.</subfield>
  </datafield>
  <datafield tag="336" ind1=" " ind2=" ">
    <subfield code="a">texto</subfield>
    <subfield code="b">txt</subfield>
    <subfield code="2">rdacontent</subfield>
  </datafield>
  <datafield tag="337" ind1=" " ind2=" ">
    <subfield code="a">sin mediaci&#xF3;n</subfield>
    <subfield code="b">n</subfield>
    <subfield code="2">rdamedia</subfield>
  </datafield>
  <datafield tag="338" ind1=" " ind2=" ">
    <subfield code="a">volumen</subfield>
    <subfield code="b">nc</subfield>
    <subfield code="2">rdacarrier</subfield>
  </datafield>
  <datafield tag="490" ind1=" " ind2=" ">
    <subfield code="a">Archivo General de la Naci&#xF3;n</subfield>
    <subfield code="v">467</subfield>
  </datafield>
  <datafield tag="505" ind1=" " ind2=" ">
    <subfield code="a">Funci&#xF3;n de la cr&#xED;tica literaria, 11.-- Pedro Henr&#xED;quez Ure&#xF1;a, humanista de Am&#xE9;rica, 19.-- Pedro Henr&#xED;quez Ure&#xF1;a y la verticalidad de la cultura, 75.-- I, 75.-- II, 77.-- III, 78.-- IV, 79.-- V, 79.-- VI, 80.-- VII, 81.-- VII, 82.-- IX, 83.-- X, 84.-- XI, 85.-- XII, 86.-- XIII, 87.-- XIV, 92.-- XVI, 93.-- XVII, 95.--XVIII, 97.-- XIX, 98.-- XX, 99.-- XXI, 100.-- XXII, 101.-- XXIII, 103.-- XXIV, 104.-- XXV, 105.-- XXVI, 106.-- XXVII, 106.-- XXVIII, 107.-- XXIX, 108.-- XXX, 110.-- Ense&#xF1;anza de Pedro Henr&#xED;quez Ure&#xF1;a, 113.-- De la naturaleza y del mundo en el c&#xE1;ntico de Jorge Guill&#xE9;n, 119.-- Nuestra visi&#xF3;n de la semiolog&#xED;a, 129.-- La ciencia de la literatura, 137.-- Biograf&#xED;a del autor, 138.-- El poeta y su momento hist&#xF3;rico, 140.-- Sus confidencias y filiaciones, 141.-- Tendencia historiogr&#xE1;fica a alcanzar las generaciones, 143.-- Los temas de Jorge Guill&#xE9;n seg&#xFA;n Emilia de Zuleta, 145.-- La naturaleza, 151.-- La estructura circular y lo sim&#xE9;trico en Jorge Guill&#xE9;n, 159.-- Conclusi&#xF3;n, 165.-- Lectura de la nueva cr&#xED;tica, 171.-- I, 171.-- II, 183.-- III, 196.-- IV, 206.-- V, 218.-- VI, 229.-- Esa ciencia literaria, 243.-- I, 243.-- II, 245.-- III, 246.-- IV, 247.-- V, 248.-- VI, 250.-- VII, 252.-- VIII, 254.-- IX, 257.-- X, 259.-- XI, 260.-- XII, 61.-- XIII, 264.-- XIV, 266.-- XV, 267.-- XVI, 269.-- XVII, 270.-- XVIII, 271.-- Balance de la cr&#xED;tica literaria nacional, 273.-- Duplicado de la realidad, 281.-- El erotismo original de Tom&#xE1;s Castro, 287.-- I, 287.-- II, 295.-- III, 298.-- IV, 306.-- V, 310.-- VI, 314.-- In-visi&#xF3;n de la cr&#xED;tica a los apuntes de Joaqu&#xED;n Balaguer, 321.-- I. Una lectura deformante, 321.-- II. Fenomenolog&#xED;a del error, 323.-- III. Un extra&#xF1;o concepto de g&#xE9;nero, 327.-- IV. La palabra gens y el g&#xE9;nero, 328.-- V. Metro y ritmo, 329.-- VI. La realidad del ritmo, 331.-- VII. Pol&#xED;tica y po&#xE9;tica, 332.-- VIII. El saber de la m&#xE9;trica, 334.-- IX. El sentido libre de la cr&#xED;tica de Balaguer, 335.-- X. Visi&#xF3;n personal en el estudio de la m&#xE9;trica, 337.-- XI. Existen dos clases de pies en la verificaci&#xF3;n hispana, 339.-- XII. Balaguer, gran estudioso de la estructura del verso, 342.-- XIII. El verso de arte mayor plantea un conflicto al isosilabismo, 344.-- XIV. Balaguer y Bello, 345.-- XV. No existen el el verso cl&#xE1;usulas iguales, 346.-- XVI. La m&#xE9;trica perfecta del verso de arte mayor y la &lt;&lt;sonatina&gt;&gt; de Rub&#xE9;n Dar&#xED;o, 348.-- La visi&#xF3;n familiar en la poes&#xED;a de Joaqu&#xED;n Balaguer, 351.-- Balaguer y su visi&#xF3;n de la poes&#xED;a, 352.-- Hacia la poes&#xED;a de Joaqu&#xED;n Balaguer, 365.-- De su lenguaje po&#xE9;tico, 367.-- La recuperaci&#xF3;n por la memoria, 369.-- Ladera materna, 373.-- Final, 377.-- Balaguer el sembrador, 379.-- Vida y teor&#xED;a de Pablo Neruda, 387.-- Viaje a la poes&#xED;a de Manuel Rueda, 397.-- Borges, el inquisidor, 423.-- Presencia de Mart&#xED;, 433.-- I, 433.-- II, 439.-- Juan Ruiz de Alarc&#xF3;n y Mendoza, 449.-- Manuel Valerio, 453.-- Cuarto centenario de la vida de Quevedo, 457.-- Sentido actual de las humanidades, 465.-- 1, 465.-- 2, 471.-- 3, 476.-- &#xCD;ndice onom&#xE1;stico, 483.</subfield>
  </datafield>
  <datafield tag="590" ind1=" " ind2=" ">
    <subfield code="a">inventariado, 2023 / DG</subfield>
  </datafield>
  <datafield tag="650" ind1=" " ind2="4">
    <subfield code="a">Literatura dominicana</subfield>
    <subfield code="x">Historia y cr&#xED;tica</subfield>
    <subfield code="9">61716</subfield>
  </datafield>
  <datafield tag="650" ind1=" " ind2="4">
    <subfield code="a">Cr&#xED;tica literaria</subfield>
    <subfield code="9">3141</subfield>
  </datafield>
  <datafield tag="700" ind1="1" ind2=" ">
    <subfield code="a">Ger&#xF3;n, C&#xE1;ndido, </subfield>
    <subfield code="e">Compilador</subfield>
    <subfield code="4">comp.</subfield>
    <subfield code="9">82130</subfield>
  </datafield>
  <datafield tag="910" ind1=" " ind2=" ">
    <subfield code="a">DG</subfield>
  </datafield>
  <datafield tag="942" ind1=" " ind2=" ">
    <subfield code="2">ddc</subfield>
    <subfield code="c">LBS1</subfield>
  </datafield>
  <datafield tag="952" ind1=" " ind2=" ">
    <subfield code="0">0</subfield>
    <subfield code="1">0</subfield>
    <subfield code="2">ddc</subfield>
    <subfield code="5">1</subfield>
    <subfield code="7">0</subfield>
    <subfield code="8">PD</subfield>
    <subfield code="a">BNPHU</subfield>
    <subfield code="b">BNPHU</subfield>
    <subfield code="c">CT</subfield>
    <subfield code="d">2023-05-15</subfield>
    <subfield code="e">Dep&#xF3;sito Legal</subfield>
    <subfield code="l">0</subfield>
    <subfield code="o">BNPHU PD RD860.9  F363c</subfield>
    <subfield code="p">2023-1818</subfield>
    <subfield code="r">2023-05-15</subfield>
    <subfield code="w">2023-05-15</subfield>
    <subfield code="y">LBS1</subfield>
  </datafield>
  <datafield tag="952" ind1=" " ind2=" ">
    <subfield code="0">0</subfield>
    <subfield code="1">0</subfield>
    <subfield code="2">ddc</subfield>
    <subfield code="5">1</subfield>
    <subfield code="7">0</subfield>
    <subfield code="8">PD</subfield>
    <subfield code="a">BNPHU</subfield>
    <subfield code="b">BNPHU</subfield>
    <subfield code="c">CT</subfield>
    <subfield code="d">2023-05-15</subfield>
    <subfield code="e">Dep&#xF3;sito Legal</subfield>
    <subfield code="l">0</subfield>
    <subfield code="o">BNPHU PD RD860.9  F363c</subfield>
    <subfield code="p">2023-1819</subfield>
    <subfield code="r">2023-05-15</subfield>
    <subfield code="t">e.2</subfield>
    <subfield code="w">2023-05-15</subfield>
    <subfield code="y">LBS1</subfield>
  </datafield>
  <datafield tag="952" ind1=" " ind2=" ">
    <subfield code="0">0</subfield>
    <subfield code="1">0</subfield>
    <subfield code="2">ddc</subfield>
    <subfield code="5">6</subfield>
    <subfield code="7">0</subfield>
    <subfield code="8">DS</subfield>
    <subfield code="a">BNPHU</subfield>
    <subfield code="b">BNPHU</subfield>
    <subfield code="c">CT</subfield>
    <subfield code="d">2023-05-15</subfield>
    <subfield code="e">Dep&#xF3;sito Legal</subfield>
    <subfield code="o">BNPHU DS RD860.9  F363c</subfield>
    <subfield code="p">2023-1820</subfield>
    <subfield code="r">2023-05-15</subfield>
    <subfield code="t">e.3</subfield>
    <subfield code="w">2023-05-15</subfield>
    <subfield code="y">LBS1</subfield>
  </datafield>
  <datafield tag="952" ind1=" " ind2=" ">
    <subfield code="0">0</subfield>
    <subfield code="1">0</subfield>
    <subfield code="2">ddc</subfield>
    <subfield code="5">6</subfield>
    <subfield code="7">0</subfield>
    <subfield code="8">DS</subfield>
    <subfield code="a">BNPHU</subfield>
    <subfield code="b">BNPHU</subfield>
    <subfield code="c">CT</subfield>
    <subfield code="d">2025-08-05</subfield>
    <subfield code="e">Donaci&#xF3;n</subfield>
    <subfield code="l">0</subfield>
    <subfield code="o">BNPHU DS RD860.9  F363c</subfield>
    <subfield code="p">2025-7751</subfield>
    <subfield code="r">2025-08-05</subfield>
    <subfield code="t">e.4</subfield>
    <subfield code="w">2025-08-05</subfield>
    <subfield code="y">LBS1</subfield>
  </datafield>
  <datafield tag="952" ind1=" " ind2=" ">
    <subfield code="0">0</subfield>
    <subfield code="1">0</subfield>
    <subfield code="2">ddc</subfield>
    <subfield code="5">6</subfield>
    <subfield code="7">0</subfield>
    <subfield code="8">DS</subfield>
    <subfield code="a">BNPHU</subfield>
    <subfield code="b">BNPHU</subfield>
    <subfield code="c">CT</subfield>
    <subfield code="d">2025-08-05</subfield>
    <subfield code="e">Donaci&#xF3;n</subfield>
    <subfield code="l">0</subfield>
    <subfield code="o">BNPHU DS RD860.9  F363c</subfield>
    <subfield code="p">2025-7752</subfield>
    <subfield code="r">2025-08-05</subfield>
    <subfield code="t">e.5</subfield>
    <subfield code="w">2025-08-05</subfield>
    <subfield code="y">LBS1</subfield>
  </datafield>
  <datafield tag="999" ind1=" " ind2=" ">
    <subfield code="c">53507</subfield>
    <subfield code="d">53507</subfield>
  </datafield>
</record>
